|
|
|
|
| LEADER |
00000nam a2200000Ki 4500 |
| 001 |
DIGUNCK0029 |
| 003 |
NyNyDIG |
| 006 |
m o d |
| 008 |
201107s2014 ck a ob 101 0 spa d |
| 007 |
cr ||||||||||| |
| 035 |
|
|
|a (OCoLC)1204223842
|
| 040 |
|
|
|a DGITA
|b eng
|e rda
|e pn
|c DGITA
|
| 020 |
|
|
|a 9789587619881
|q eBook
|
| 020 |
|
|
|a 9587619889
|q eBook
|
| 020 |
|
|
|z 9789587617467
|
| 020 |
|
|
|z 9587617460
|
| 043 |
|
|
|a cl-----
|
| 050 |
1 |
4 |
|a PQ7082.S5 ebook
|
| 082 |
0 |
4 |
|a 863.809
|
| 111 |
2 |
|
|a Congreso Internacional de Minificción
|n (6th :
|d 2010 :
|c Bogotá, Colombia),
|j author.
|
| 245 |
1 |
3 |
|a La minificción en el siglo XXI :
|b aproximaciones teóricas /
|c Henry González Martínez, editor.
|
| 246 |
3 |
|
|a Minificción en el siglo 21
|
| 246 |
3 |
|
|a Minificción en el siglo veintiuno
|
| 264 |
|
1 |
|a Bogotá, D.C. :
|b Universidad Nacional de Colombia, Sede Bogotá, Facultad de Ciencias Humanas,
|c [2014]
|
| 300 |
|
|
|a 1 online resource. :
|b illustrations.
|
| 336 |
|
|
|a text
|b txt
|2 rdacontent
|
| 337 |
|
|
|a computer
|b c
|2 rdamedia
|
| 338 |
|
|
|a online resource
|b cr
|2 rdacarrier
|
| 347 |
|
|
|a text file
|2 rdaft
|
| 347 |
|
|
|b PDF
|
| 490 |
1 |
|
|a Colección Academia
|
| 500 |
|
|
|a Selection of papers from the VI Congreso Internacional de Minificción, Oct. 13-15, 2010, Bogotá.
|
| 504 |
|
|
|a Includes bibliographical references and indexes.
|
| 588 |
0 |
|
|a Online resource; title from PDF title page (Digitalia, viewed November 9, 2020)
|
| 650 |
|
0 |
|a Flash fiction, Latin American
|x History and criticism.
|
| 650 |
|
0 |
|a Latin American fiction
|y 21st century
|x History and criticism.
|
| 655 |
|
0 |
|a Electronic books.
|
| 700 |
1 |
|
|a González Martínez, Henry,
|e editor.
|
| 791 |
2 |
|
|a Digitalia (Firm),
|e distributor.
|
| 793 |
0 |
|
|g Digitalia eBook Collection:
|a Universidad Nacional de Colombia
|
| 776 |
0 |
8 |
|i Print version:
|a Congreso Internacional de Minificción (6th : 2010 : Bogotá, Colombia).
|t Minificción en el siglo XXI.
|b Primera edición.
|d Bogotá, D.C. : Universidad Nacional de Colombia, Sede Bogotá, Facultad de Ciencias Humanas, 2014
|z 9789587617467
|w (DLC) 2016428021
|w (OCoLC)886547249
|
| 830 |
|
0 |
|a Colección Academia (Bogotá, Colombia)
|
| 856 |
4 |
0 |
|3 Digitalia Hispánica
|u https://www.digitaliapublishing.com/a/62129/
|
| 910 |
|
|
|a Premium collection: 2020
|